Investiční rozhodování a řízení projektů jak připravovat, financovat a hodnotit projekty, řídit jejich riziko a vytvářet portfolio projektů

Na minha lista:
Detalhes bibliográficos
Autor principal: Fotr, Jiří
Outros Autores: Souček, Ivan
Formato: Livro
Idioma:tcheco
Publicado em: Praha Grada Publishing 2011
Colecção:Expert
Assuntos:
Tags: Adicionar Tag
Sem tags, seja o primeiro a adicionar uma tag!

MARC

LEADER 00000nam a2200000 4500
001 0144007
005 20240313085913.3
020 |a 978-80-247-3293-0 
041 0 |a cze 
044 |a CZ 
245 1 0 |a Investiční rozhodování a řízení projektů  |b jak připravovat, financovat a hodnotit projekty, řídit jejich riziko a vytvářet portfolio projektů  |c Jiří Fotr, Ivan Souček 
264 1 |a Praha  |b Grada Publishing  |c 2011 
300 |a 408 s. 
490 1 |a Expert 
830 0 |a Expert 
610 2 0 |a rozhodovanie investičné 
610 2 0 |a projekty investičné 
610 2 0 |a riadenie projektové 
610 2 0 |a financovanie projektové 
610 2 0 |a riadenie rizík 
610 2 0 |a využitie počítačov 
610 2 0 |a portfólio 
610 2 0 |a zámery investičné 
610 2 0 |a zámery podnikateľské 
100 1 |a Fotr, Jiří 
700 1 |a Souček, Ivan